00685 2200181 4500001002100000005001500021035002000036245006600056100000800122250001000130300001100140260003700151082000800188084001400196020002200210650001400232520025700246INLIS00000000000012020210222112201 a0010-02210000931 aTeknik Budidaya Sirsak Agar Berbuah Lebat /cTim Agro Mandiri0 aTek acet.1 a84hal. asurakarta :bVisi Mandiri,c2017 a634 a634 TEK t a978-602-317-265-8 4aPertanian aBuah Sirsak juga dapat diolah menjadi aneka produk makanan dan minuman yang diproduksi pada skala rumah tangga hingga skala industri pabrikasi. Berbagai produk industri berbahan baku buah sirsak misalnya dodol, jelly, selai, jus, anggur, dan lain-lain.